Представление документа в формате RUSMARC

ПолеНазваниеЗначение
  Тип записи a
  Библиографический уровень a
001 Контрольный номер RU/CBS_UL/BASE/a92124b646cd44cc8d4521dce66b1d64
005 Дата корректировки 20240821163441.7
100 Данные общей обработки __
a Данные общей обработки 20240821 ||| 0rusy0189 ca
101 Язык документа 0_
a Язык текста rus
102 Страна публикации __
a Страна публикации RU
200 Заглавие и сведения об ответственности 1_
a Заглавие Дальние бомбардировщики-ракетоносцы ВКС России. Ту-95
300 Общие примечания __
a Общие примечания 12+
461 Уровень набора _0
1 2000
a Мир техники для детей
463 Уровень физической единицы _0
1 2000
a № 12
v С. 1-15 : фото
1 2101
d 2023
1 001RU/CBS_UL/BASE/7007d65f02504fccb2d1c4e6b47b0f71
606 Тематические рубрики 0_
a Основная рубрика Военная авиационная техника и вооружение - Бомбардировщики
610 Ключевые слова 0_
a Ключевые слова военная техника
610 Ключевые слова 0_
a Ключевые слова российская военная техника
610 Ключевые слова 0_
a Ключевые слова военные самолёты
610 Ключевые слова 0_
a Ключевые слова бомбардировщики
610 Ключевые слова 0_
a Ключевые слова российские бомбардировщики
610 Ключевые слова 0_
a Ключевые слова ракетоносцы
610 Ключевые слова 0_
a Ключевые слова бомбардировщики-ракетоносцы
610 Ключевые слова 0_
a Ключевые слова Ту-95 (бомбардировщики-ракетоносцы)
686 Индексы других классификаций __
2 Код системы rubbk
a Классификационный индекс 68.53
801 Источник записи _0
a Страна RU
b Организация МБУК ЦБС г. Ульяновска
c Дата составления 20240821
g Правила каталогизации RCR
801 Источник записи _1
a Страна RU
b Организация МБУК ЦБС г. Ульяновска
c Дата составления 20240821
g Правила каталогизации RCR
901 Тип документа __
t Тип документа b
w Контрольный № источника RU/CBS_UL/BASE/7007d65f02504fccb2d1c4e6b47b0f71
909 Создатель записи __
a Создатель записи oibd1